[Event "ch-BEL"]
[Site "Eupen BEL"]
[Date "2003.07.09"]
[Round "5"]
[White "Dutreeuw,M"]
[Black "Gulbas,C"]
[Result "1-0"]
[WhiteElo "2316"]
[BlackElo "2340"]

1.e4 c5 2.Nf3 d6 3.d4 Nf6 4.Nc3 cxd4 5.Nxd4 a6 6.f3 e5 7.Nb3 Be6 8.Be3 Be7
9.Qd2 O-O 10.O-O-O Qc7 11.g4 Rc8 12.g5 Nh5 13.Kb1 Nd7 14.Nd5 Bxd5 15.exd5 a5
16.Bh3 a4 17.Nc1 a3 18.b3 g6 19.Nd3 Bf8 20.Nf2 Bg7 21.Ne4 Rf8 22.Qb4 Ra6
23.Bf1 Rc8 24.Rd2 Rca8 25.Bxa6 Rxa6 26.Qc4 Qb8 27.Qb5 Nf8 28.Rd3 f5 29.gxf6 Nxf6
30.Rhd1 Ra8 31.Qb4 Ne8 32.Bg5 Qc7 33.Rc3 Qd7 34.Qb6 h6 35.Bc1 g5 36.Rc4 Ra6
37.Qg1 b5 38.Rb4 Nc7 39.h4  1-0

[Event "25th Open"]
[Site "Oberwart AUT"]
[Date "2003.07.09"]
[Round "5"]
[White "Fercec,N"]
[Black "Meszaros,Mi"]
[Result "1-0"]
[WhiteElo "2440"]
[BlackElo "2292"]

1.e4 c5 2.Nf3 d6 3.d4 cxd4 4.Nxd4 Nf6 5.Nc3 a6 6.f3 e5 7.Nb3 Be6 8.Be3 Be7
9.Qd2 h5 10.O-O-O Nbd7 11.Kb1 Rc8 12.Nd5 Nxd5 13.exd5 Bf5 14.Bd3 Bxd3 15.Qxd3 Bg5
16.Bf2 O-O 17.h4 Bf4 18.g3 Bh6 19.g4 hxg4 20.fxg4 Bf4 21.g5 b5 22.Qf5 a5
23.Nd4 exd4 24.Qxf4 Qc7 25.Qc1 b4 26.Bxd4 a4 27.b3 Qa5 28.h5 axb3 29.axb3 Ne5
30.h6 Qxd5 31.g6 fxg6 32.hxg7 Kxg7 33.Bxe5+ Qxe5 34.Qh6+  1-0

[Event "11th Fair Play Trophy"]
[Site "Techirghiol ROM"]
[Date "2003.07.10"]
[Round "10"]
[White "Burnoiu,C"]
[Black "Nemeth,F"]
[Result "0-1"]
[WhiteElo "2180"]
[BlackElo "2284"]

1.e4 c5 2.Nf3 d6 3.d4 Nf6 4.Nc3 cxd4 5.Nxd4 a6 6.f3 e5 7.Nb3 Be6 8.Be3 Be7
9.Qd2 O-O 10.O-O-O Qc7 11.g4 Rc8 12.h4 d5 13.exd5 Nxd5 14.Nxd5 Bxd5 15.Rh3 Be6
16.Kb1 Nc6 17.Bd3 a5 18.Nc1 a4 19.Rhh1 a3 20.b3 Nb4 21.c4 b5 22.cxb5 Nd5
23.Ne2 Bb4 24.Qc1 Qa5 25.Bc4 Nc3+ 26.Nxc3 Bxc4 27.bxc4 Bxc3 28.Qc2 Rxc4  0-1

[Event "1st Stage Russian Cup"]
[Site "Tomsk RUS"]
[Date "2003.07.10"]
[Round "7"]
[White "Zaretsky,L"]
[Black "Kineva,E"]
[Result "1-0"]
[WhiteElo "2070"]
[BlackElo "2210"]

1.e4 c5 2.Nf3 d6 3.d4 cxd4 4.Nxd4 Nf6 5.Nc3 a6 6.f3 e6 7.Be3 Nbd7 8.Qd2 b5
9.Bd3 Bb7 10.O-O Be7 11.a3 O-O 12.Rad1 Rc8 13.Qe2 Nb6 14.f4 Nc4 15.Bxc4 Rxc4
16.e5 Nd5 17.Nxd5 Bxd5 18.exd6 Bxd6 19.c3 Qa8 20.Qg4 f5 21.Qe2 Rf6 22.Rf2 Rg6
23.Qd2 Qf8 24.Nxe6 Rxe6 25.Qxd5 Qe8 26.Bd4 Kh8 27.Qxf5 Rc7 28.Qg4 Re4 29.Rdf1 a5
30.Qg5 Rf7  1-0

[Event "13th S&WYM"]
[Site "Millfield School ENG"]
[Date "2003.07.11"]
[Round "3"]
[White "Prokopchuk,E"]
[Black "Dvorak,T"]
[Result "1-0"]
[WhiteElo "2504"]
[BlackElo "2319"]

1.e4 c5 2.Nf3 d6 3.d4 cxd4 4.Nxd4 Nf6 5.Nc3 a6 6.f3 e6 7.Be3 Be7 8.Qd2 Nc6
9.O-O-O O-O 10.g4 Nxd4 11.Bxd4 b5 12.Kb1 Qc7 13.g5 Nd7 14.h4 b4 15.Na4 Bb7
16.Qxb4 Rfc8 17.Qd2 d5 18.exd5 Bxd5 19.Be2 Bb4 20.c3 Bf8 21.c4 Bc6 22.Nc3 Rab8
23.g6 fxg6 24.h5 e5 25.Be3 gxh5 26.Nd5 Qb7 27.Rxh5 Ba4 28.Rg1 Ba3 29.Bd4 Nf8
30.Rxe5 Ng6 31.Re6 Rc6 32.Re3 Bc5 33.Bxc5 Rxc5 34.Qd4 Rc6 35.Re7 Qxb2+ 36.Qxb2 Rxb2+
37.Kxb2 Nxe7 38.Nxe7+  1-0

[Event "25th Open"]
[Site "Oberwart AUT"]
[Date "2003.07.11"]
[Round "7"]
[White "Fercec,N"]
[Black "Berkes,F"]
[Result "1/2-1/2"]
[WhiteElo "2440"]
[BlackElo "2590"]

1.e4 c5 2.Nf3 d6 3.d4 cxd4 4.Nxd4 Nf6 5.Nc3 a6 6.f3 e6 7.Be3 b5 8.g4 Nfd7
9.Qd2 Nb6 10.Qf2 N8d7 11.O-O-O Bb7 12.Bd3 Rc8 13.Nce2 Nc5 14.Kb1 Qc7 15.g5 Nba4
16.Rc1 e5 17.Nb3 Be7 18.h4 Qd7 19.Ng3 Nxd3 20.cxd3 Rxc1+ 21.Rxc1 g6 22.d4 O-O
23.Na5  1/2-1/2

[Event "Andorra"]
[Site "Andorra la Vella AND"]
[Date "2003.07.12"]
[Round "8"]
[White "Cheparinov,I"]
[Black "Llobel Cortell,E"]
[Result "0-1"]
[WhiteElo "2529"]
[BlackElo "2389"]

1.e4 c5 2.Nf3 d6 3.d4 cxd4 4.Nxd4 Nf6 5.Nc3 a6 6.Be3 Ng4 7.Bc1 Nf6 8.f3 Qb6
9.Nb3 e6 10.Qe2 Qc7 11.Be3 b5 12.O-O-O Bb7 13.g4 b4 14.Na4 Nbd7 15.g5 Nxe4
16.fxe4 Bc6 17.Rd4 Bxa4 18.Rxb4 Bc6 19.Nd4 Bb7 20.Rc4 Qa5 21.Nb3 Qd8 22.Bd2 Ne5
23.Rd4 Be7 24.h4 O-O 25.Na5 Nc6 26.Nxc6 Bxc6 27.Qg4 Qb6 28.Rb4 Qc7 29.Bg2 Rac8
30.Rh3 f5 31.gxf6 Rxf6 32.h5 d5 33.Rbb3 d4 34.Rbg3 Bd6 35.Ba5 Qf7 36.Rf3 Rf4
37.Rxf4 Bxf4+ 38.Kb1 Bd7 39.Qd1 e5 40.Rh1 Be6 41.a3 Qb7 42.Bb4 Ra8 43.Qe1 Rb8
44.b3 d3 45.Qc3 dxc2+ 46.Qxc2 a5 47.Bxa5 Bxb3 48.Qf2  0-1

[Event "25th Politiken Cup"]
[Site "Copenhagen DEN"]
[Date "2003.07.16"]
[Round "3"]
[White "Poulsen,Mo"]
[Black "Christensen,Bo"]
[Result "0-1"]
[WhiteElo "2079"]
[BlackElo "2273"]

1.e4 c5 2.Nf3 d6 3.d4 cxd4 4.Nxd4 Nf6 5.Nc3 a6 6.f3 Qb6 7.Nb3 e6 8.Qe2 Be7
9.Be3 Qc7 10.O-O-O b5 11.Qf2 Nbd7 12.Kb1 O-O 13.g4 b4 14.Ne2 Bb7 15.g5 Nxe4
16.fxe4 Bxe4 17.Ng3 Bxh1 18.Nxh1 a5 19.Bd3 a4 20.Qh4 g6 21.Nd4 Ne5 22.Nf2 a3
23.b3 d5 24.Bf4 Qc3 25.Bc1 Rac8 26.Qh6 Rfe8 27.h3 Bf8 28.Qh4 Bg7 29.Ne2 Qc5
30.Qd4 Nxd3 31.Nxd3 Qxc2+  0-1

[Event "zt 3.3 w"]
[Site "Yongchuan CHN"]
[Date "2003.07.16"]
[Round "5"]
[White "Gu Xiaobing"]
[Black "Huang Qian"]
[Result "0-1"]
[WhiteElo "2346"]
[BlackElo "2313"]

1.e4 c5 2.Nf3 d6 3.d4 cxd4 4.Nxd4 Nf6 5.Nc3 a6 6.Be3 Ng4 7.Bc1 Nf6 8.f3 e5
9.Nb3 Be6 10.Be3 Be7 11.Qd2 O-O 12.O-O-O Qc7 13.g4 Rc8 14.g5 Nh5 15.Kb1 Nd7
16.Qf2 b5 17.h4 b4 18.Nd5 Bxd5 19.exd5 Ng3 20.Rg1 Nxf1 21.Rgxf1 a5 22.f4 a4
23.Nc1 Kh8 24.fxe5 Nxe5 25.Bd4 f6 26.h5 fxg5 27.h6 Rf8 28.hxg7+ Kxg7 29.Qd2 Rxf1
30.Rxf1 Qc4 31.Re1 Bf6 32.Bxe5 dxe5 33.d6 Qd4 34.Qg2 e4 35.c3 bxc3 36.Rxe4 Qxd6
37.bxc3 Rb8+ 38.Kc2 Qa3 39.Qg3 Qb2+ 40.Kd1 Rd8+ 41.Nd3 Qxc3 42.Re3 Qa1+ 43.Ke2 Qxa2+
44.Kf1 Qb1+ 45.Kg2 Qc2+ 46.Kh3 a3 47.Nb4 Qf5+ 48.Kg2 Rd2+  0-1

[Event "zt 3.3"]
[Site "Yongchuan CHN"]
[Date "2003.07.16"]
[Round "5"]
[White "Zhang Pengxiang"]
[Black "Ni Hua"]
[Result "0-1"]
[WhiteElo "2567"]
[BlackElo "2533"]

1.e4 c5 2.Nf3 d6 3.d4 Nf6 4.Nc3 cxd4 5.Nxd4 a6 6.f3 e5 7.Nb3 Be6 8.Be3 Be7
9.Qd2 O-O 10.O-O-O Qc7 11.g4 Rc8 12.Qf2 b5 13.g5 Nfd7 14.Kb1 b4 15.Nd5 Bxd5
16.Rxd5 Nc6 17.Bh3 Rcb8 18.Bxd7 Qxd7 19.Nc5 Qh3 20.Na4 Rf8 21.Rd3 Rad8 22.Nb6 f5
23.gxf6 Rxf6 24.Bg5 Rf7 25.Bxe7 Nxe7 26.Nc4 Rdf8 27.Nd2 Nc6 28.f4 Rxf4 29.Qxf4 Qg2
30.Qxf8+ Kxf8 31.Rf1+ Ke7 32.c3 bxc3 33.bxc3 Qxh2 34.Kc2 g5 35.Rf5 h6 36.Kd1 g4
37.Nf1 Qh1 38.Rf2 Qxe4 39.Kd2 Na5 40.Ng3 Nc4+ 41.Kc2 Na3+ 42.Kd2 Nc4+ 43.Kc2 Qb7
44.Kc1 Qb6 45.Ne4 h5 46.Rg2 Qb7 47.Re2 h4 48.Rd4 Qc6 49.Ng5 Qa4 50.Rxg4 Qa3+
51.Kc2 Qxa2+ 52.Kd3 Qb1+  0-1

[Event "KB Czech Open"]
[Site "Pardubice CZE"]
[Date "2003.07.18"]
[Round "1"]
[White "Vorobiov,E"]
[Black "Csolto,R"]
[Result "1-0"]
[WhiteElo "2547"]
[BlackElo "2292"]

1.e4 c5 2.Nf3 d6 3.d4 cxd4 4.Nxd4 Nf6 5.Nc3 a6 6.f3 Qb6 7.g4 Nc6 8.Nb3 e6
9.Qe2 Qc7 10.Be3 b5 11.O-O-O Bb7 12.Kb1 Rc8 13.Qf2 Nd7 14.g5 Nce5 15.Bd3 Be7
16.Rhg1 Nc4 17.Bxc4 bxc4 18.Nd4 g6 19.h4 Rb8 20.h5 Bc6 21.Nxc6 Qxc6 22.Ba7 Rb7
23.Bd4 O-O 24.Ka1 Rfb8 25.Rb1 Nb6 26.f4 Na4 27.Nxa4 Qxa4 28.Bc3 Rb5 29.hxg6 fxg6
30.Qd4 e5 31.fxe5 dxe5 32.Qd7 Bb4 33.Qe6+ Kh8 34.Bxe5+ Rxe5 35.Qxe5+  1-0

[Event "26th Asian Juniors"]
[Site "Negombo SRI"]
[Date "2003.07.19"]
[Round "2"]
[White "Sengupta,D"]
[Black "Akbarinia,S"]
[Result "0-1"]
[WhiteElo "2363"]
[BlackElo "2278"]

1.e4 c5 2.Nf3 d6 3.d4 cxd4 4.Nxd4 Nf6 5.Nc3 a6 6.f3 e5 7.Nb3 Be7 8.Be3 Be6
9.Qd2 O-O 10.O-O-O Nbd7 11.g4 b5 12.h4 Nb6 13.Kb1 b4 14.Ne2 Nc4 15.Qd3 Nxe3
16.Qxe3 Qc7 17.g5 Nh5 18.Bh3 Bxh3 19.Rxh3 Rfc8 20.Rd2 a5 21.f4 a4 22.Nbc1 b3
23.axb3 a3 24.c3 axb2 25.Rxb2 d5 26.fxe5 Qxe5 27.exd5 Qc7 28.Rf3 Ba3 29.Ra2 g6
30.Qd2 Ng7 31.Rf4 Qb7 32.Kc2 Nf5 33.h5 Rcb8 34.b4 Rd8 35.Rxf5 gxf5 36.Nf4 Bxc1
37.Kxc1 Rxa2 38.Qxa2 Ra8 39.Qb2 Qe7 40.Qe2 Qc7 41.Qe3 Qc4 42.Kd2 Qf1 43.Ne2 f4
44.Qe5 Ra2+ 45.Kd3 Qd1+ 46.Kc4 Qxe2+ 47.Qxe2 Rxe2 48.Kd3 Re8  0-1

[Event "TCh-Europe u18"]
[Site "Balatonlelle HUN"]
[Date "2003.07.20"]
[Round "2"]
[White "Borisek,J"]
[Black "Berkes,F"]
[Result "0-1"]
[WhiteElo "2443"]
[BlackElo "2590"]

1.e4 c5 2.Nf3 d6 3.d4 cxd4 4.Nxd4 Nf6 5.Nc3 a6 6.f3 e6 7.Be3 b5 8.g4 Nfd7
9.Qd2 Nb6 10.O-O-O N8d7 11.Ndxb5 axb5 12.Nxb5 Ba6 13.Nxd6+ Bxd6 14.Qxd6 Nc4
15.Bxc4 Bxc4 16.a3 e5 17.Rd2 Ra6 18.Qb4 Qc7 19.Rhd1 Be6 20.g5 Rc6 21.b3 Rc3
22.Bb6 Qc8 23.Kb2 Rc6 24.Be3 Rf8 25.c4 f6 26.gxf6 Rxf6 27.Bg5 Rb6 28.Qc3 Rg6
29.Be3 Rb7 30.Rc1 Rf6 31.Bg1 Kf7 32.b4 Rc7 33.c5 Nb6 34.cxb6 Rxc3 35.Rxc3 Qa6
36.Bc5 Kg6 37.Rg2+ Kh5 38.Rd2 g5 39.Bf2 h6 40.Bc5 Rf7 41.Bf2 Rd7 42.Rxd7 Bxd7
43.Rc2 Ba4 44.Rd2 Qc4  0-1

[Event "BCSA Open"]
[Site "Batumi GEO"]
[Date "2003.07.20"]
[Round "4"]
[White "Erdogdu,M"]
[Black "Morchiashvili,B"]
[Result "1-0"]
[WhiteElo "2336"]
[BlackElo "2199"]

1.e4 c5 2.Nf3 d6 3.d4 cxd4 4.Nxd4 Nf6 5.Nc3 a6 6.Be3 Ng4 7.Bc1 Nf6 8.f3 Qb6
9.g4 Nc6 10.Nb3 e6 11.Qe2 Qc7 12.Be3 b5 13.O-O-O Nd7 14.Qf2 Bb7 15.g5 Be7
16.h4 O-O 17.Kb1 Rac8 18.h5 b4 19.Na4 Nce5 20.Nb6 Nxb6 21.Bxb6 Qb8 22.Rg1 f5
23.gxf6 Rxf6 24.Qg2 Rf7 25.f4 Nd7 26.Be3 Nf6 27.Rd4 Qa8 28.Bd3 a5 29.Nd2 Bf8
30.Nc4 Rc5 31.Nxd6 Bxd6 32.Rxd6 Nxe4 33.Bxc5 Nc3+ 34.bxc3 Bxg2 35.Rxg2 Rc7
36.Be4 Qb8 37.Rb6 Qd8 38.Rd2 Qe8 39.Rxe6 Qb5 40.Rd8+ Kf7 41.Re7+ Rxe7 42.Bd5+  1-0

[Event "3rd Savaria Summer Open"]
[Site "Szombathely HUN"]
[Date "2003.07.21"]
[Round "3"]
[White "Kernazhitsky,L"]
[Black "Magony,T"]
[Result "1-0"]
[WhiteElo "2402"]
[BlackElo "2183"]

1.e4 c5 2.Nf3 d6 3.d4 cxd4 4.Nxd4 Nf6 5.Nc3 a6 6.f3 e6 7.Be3 Be7 8.Qd2 b5
9.g4 Bb7 10.g5 Nfd7 11.O-O-O Nc6 12.h4 Rc8 13.Kb1 Nce5 14.f4 Nc4 15.Bxc4 Rxc4
16.f5 e5 17.f6 exd4 18.fxe7 Qxe7 19.Bxd4 Ne5 20.Bf2 Rc6 21.Nd5 Qe6 22.b3 Rc8
23.Nf4 Qe7 24.Qxd6 Qxd6 25.Rxd6 Rxc2 26.Kxc2 Bxe4+ 27.Kb2 Bxh1 28.Bd4 Nd7
29.Bxg7 Rg8 30.Nh5 f5 31.gxf6  1-0

[Event "TCh-Europe u18"]
[Site "Balatonlelle HUN"]
[Date "2003.07.22"]
[Round "4"]
[White "Zaragatski,I"]
[Black "Wojtaszek,R"]
[Result "0-1"]
[WhiteElo "2329"]
[BlackElo "2462"]

1.e4 c5 2.Nf3 d6 3.d4 cxd4 4.Nxd4 Nf6 5.Nc3 a6 6.f3 e5 7.Nb3 Be6 8.Be3 Nbd7
9.g4 b5 10.Qd2 Nb6 11.g5 Nfd7 12.Nd5 Rc8 13.h4 Bxd5 14.exd5 Nc4 15.Bxc4 bxc4
16.Nc1 c3 17.bxc3 Be7 18.Nd3 O-O 19.Nb4 Nb8 20.Rb1 f5 21.O-O Kh8 22.Rb3 a5
23.Nd3 Nd7 24.f4 Rc4 25.Rfb1 Qc8 26.Ra3 Bd8 27.Rb5 a4 28.Nb2 Re4 29.Rxa4 exf4
30.Bxf4 Ne5 31.Bxe5 dxe5 32.Rbb4 Rxb4 33.Rxb4 f4 34.Qf2 Be7 35.Rb5 e4 36.c4 f3
37.Nd1 Qg4+ 38.Kf1 Bd6 39.Qg1 Bg3 40.Nf2 Qf4  0-1

[Event "MTO"]
[Site "Biel SUI"]
[Date "2003.07.22"]
[Round "2"]
[White "Elfert,A"]
[Black "Rashkovsky,N"]
[Result "0-1"]
[WhiteElo "2274"]
[BlackElo "2510"]

1.e4 c5 2.Nf3 d6 3.d4 cxd4 4.Nxd4 Nf6 5.Nc3 a6 6.f3 e5 7.Nb3 Be7 8.Be3 Be6
9.Qd2 Nbd7 10.g4 O-O 11.O-O-O Qc7 12.h4 Rfc8 13.Kb1 b5 14.Bh3 b4 15.Nd5 Bxd5
16.exd5 a5 17.h5 a4 18.Nc1 a3 19.Rh2 axb2 20.Nb3 Nb6 21.Bxb6 Qxb6 22.g5 Qa7
23.Kxb2 Qxa2+ 24.Kc1 Ne4 25.fxe4 Qxb3  0-1

[Event "BCSA Open"]
[Site "Batumi GEO"]
[Date "2003.07.23"]
[Round "7"]
[White "Simonian,H"]
[Black "Nigalidze,G"]
[Result "0-1"]
[WhiteElo "2270"]
[BlackElo "2137"]

1.e4 c5 2.Nf3 d6 3.d4 cxd4 4.Nxd4 Nf6 5.f3 a6 6.Nc3 e5 7.Nb3 Be6 8.Be3 Nbd7
9.Qd2 b5 10.Be2 Nb6 11.Na5 Rc8 12.a3 Qc7 13.Bg5 Nfd7 14.O-O Nc5 15.Be3 Be7
16.Rad1 Nba4 17.Nxa4 Nxa4 18.c4 bxc4 19.Qb4 Nxb2 20.Bb6 Qb8 21.Qxb2 Bd8 22.Nb7 Qxb7
23.Rxd6 Be7 24.Qxe5 Bxd6 25.Qxd6 Qc6 26.Qd4 O-O 27.f4 Rfe8 28.Bf3 Rb8 29.Ba5 Rb5
30.Bb4 Qb6 31.Qxb6 Rxb6 32.f5 Bd7 33.Rd1 Ba4 34.Rd4 Rc8 35.Bc3 Rb3 36.Ba5 Bb5
37.Bb4 c3 38.Bd1 Rb1 39.Bxc3 Ba4  0-1

[Event "25th Politiken Cup"]
[Site "Copenhagen DEN"]
[Date "2003.07.23"]
[Round "9"]
[White "Moller,F"]
[Black "Busk,C"]
[Result "0-1"]
[WhiteElo "1928"]
[BlackElo "2126"]

1.e4 c5 2.Nf3 d6 3.d4 cxd4 4.Nxd4 Nf6 5.Nc3 a6 6.f3 e5 7.Nb3 Be6 8.Be3 Nbd7
9.Qd2 b5 10.Be2 Nb6 11.Na5 Qc7 12.g4 b4 13.Nd1 d5 14.Nf2 d4 15.Bg5 Na4 16.Nb3 Nxb2
17.O-O h5 18.h3 Be7 19.Kg2 Nh7 20.Bxe7 Qxe7 21.Nxd4 exd4 22.Qxd4 Na4 23.a3 Nc3
24.Bd3 hxg4 25.fxg4 Nb5 26.Bxb5+ axb5 27.Qxg7 Qf6 28.Qxf6 Nxf6 29.axb4 Rc8
30.Rac1 Rc4 31.e5 Nd5 32.Rfe1 Nf4+ 33.Kg3 Nxh3 34.Rh1 Bxg4 35.Nxg4 Rxg4+
36.Kxg4 Nf2+ 37.Kg3 Rxh1 38.Rxh1 Nxh1+ 39.Kg2 Ke7 40.Kxh1 Ke6 41.Kg2 Kxe5
42.Kf2 Kd4 43.Ke2 Kc3 44.Kd1 Kxb4 45.Kd2 Kc4  0-1

[Event "25th Politiken Cup"]
[Site "Copenhagen DEN"]
[Date "2003.07.24"]
[Round "10"]
[White "Mortensen,E"]
[Black "Carstensen,J"]
[Result "1-0"]
[WhiteElo "2445"]
[BlackElo "2275"]

1.e4 c5 2.Nf3 d6 3.d4 cxd4 4.Nxd4 Nf6 5.Nc3 a6 6.f3 e5 7.Nb3 Be6 8.Be3 h5
9.Qd2 Nbd7 10.O-O-O Rc8 11.Kb1 Be7 12.h3 Qc7 13.Bd3 Nc5 14.f4 Nxd3 15.cxd3 O-O
16.g4 Bxb3 17.axb3 d5 18.fxe5 Qxe5 19.Bf4 Qe6 20.g5 d4 21.Ne2 Nd7 22.Nxd4 Qb6
23.Nf5 Bb4 24.Qe3 Qxe3 25.Nxe3 Rfe8 26.Nd5 Bf8 27.Rc1 Nc5 28.Rc3 Rc6 29.Rhc1 Rec8
30.Be3 Kh7 31.Nf4 g6 32.Nd5 Ne6 33.Nf6+ Kg7 34.d4 Be7 35.e5 Rd8 36.d5 Rxc3
37.Rxc3 Nf8 38.Rc7 Bxf6 39.gxf6+ Kg8 40.Bc5 Rxd5 41.Bxf8 Rxe5 42.Bd6 Re6
43.Be7 Kh7 44.Bd8 Kg8 45.Re7 Rd6 46.Re8+ Kh7 47.Rf8 g5 48.Rxf7+ Kg6 49.Rg7+  1-0

[Event "25th Politiken Cup"]
[Site "Copenhagen DEN"]
[Date "2003.07.24"]
[Round "10"]
[White "Sakaev,K"]
[Black "De Firmian,N"]
[Result "1-0"]
[WhiteElo "2655"]
[BlackElo "2553"]

1.e4 c5 2.Nf3 d6 3.d4 cxd4 4.Nxd4 Nf6 5.Nc3 a6 6.f3 e5 7.Nb3 Be6 8.Be3 Nbd7
9.g4 Nb6 10.g5 Nfd7 11.Qd2 Rc8 12.O-O-O Qc7 13.Kb1 Be7 14.h4 Nc4 15.Bxc4 Bxc4
16.h5 Nb6 17.Qf2 Nd7 18.Qg3 b5 19.Rh2 Nb6 20.f4 Na4 21.Nd5 Bxd5 22.exd5 f6
23.h6 g6 24.gxf6 Bxf6 25.fxe5 dxe5 26.d6 Qd7 27.Bg5 O-O 28.Bxf6 Rxf6 29.Qxe5 Qe6
30.Qd4 Rd8 31.Rhd2 Rf7 32.Na5 Qf6 33.Qxf6 Rxf6 34.Nc6 Rd7 35.Ne5 Rd8 36.Nc6 Rd7
37.Nb8 Rd8 38.Nxa6 Nb6 39.b3 g5 40.Rg1 Rg6 41.Nc5 Rxh6 42.Rxg5+ Rg6 43.Rxg6+ hxg6  1-0

[Event "ch-GBR"]
[Site "Edinburgh SCO"]
[Date "2003.07.25"]
[Round "11"]
[White "Haslinger,S"]
[Black "Gormally,D"]
[Result "0-1"]
[WhiteElo "2414"]
[BlackElo "2478"]

1.e4 c5 2.Nf3 d6 3.d4 cxd4 4.Nxd4 Nf6 5.Nc3 a6 6.f3 Qb6 7.g4 h6 8.a3 e5 9.Nf5 Bxf5
10.gxf5 Nc6 11.Bc4 Be7 12.Kf1 Rc8 13.Ba2 Nd4 14.Rb1 d5 15.Rg1 dxe4 16.fxe4 Rd8
17.Nd5 Nxd5 18.Bxd5 Bg5 19.c3 Rxd5 20.exd5 Qb5+ 21.Kf2 Nxf5 22.Rg4 Bxc1 23.Rxc1 Qc5+
24.Kf3 Qe3+ 25.Kg2 h5 26.Rb4 Rh6 27.Kh1 h4 28.Qg1 Ng3+ 29.hxg3 Qf3+ 30.Qg2 hxg3+
31.Kg1 Qe3+  0-1

[Event "MTO"]
[Site "Biel SUI"]
[Date "2003.07.27"]
[Round "6"]
[White "Kurmann,O"]
[Black "Javet,B"]
[Result "1-0"]
[WhiteElo "2239"]
[BlackElo "2087"]

1.e4 c5 2.Nf3 d6 3.d4 cxd4 4.Nxd4 Nf6 5.Nc3 a6 6.f3 e6 7.Be3 b5 8.g4 Nfd7
9.Qd2 Bb7 10.O-O-O Nb6 11.Qf2 N8d7 12.Bd3 Rc8 13.Nce2 Be7 14.h4 Nc4 15.Bxc4 Rxc4
16.Kb1 b4 17.g5 d5 18.exd5 Bxd5 19.Nf4 Qa5 20.Nb3 Qc7 21.Nxd5 exd5 22.Rxd5 O-O
23.Na5 Rc5 24.Rxd7  1-0

[Event "3rd Savaria Summer Open"]
[Site "Szombathely HUN"]
[Date "2003.07.27"]
[Round "9"]
[White "Kernazhitsky,L"]
[Black "Gruskovnjak,T"]
[Result "0-1"]
[WhiteElo "2402"]
[BlackElo "2325"]

1.e4 c5 2.Nf3 d6 3.d4 cxd4 4.Nxd4 Nf6 5.Nc3 a6 6.f3 e5 7.Nb3 Be6 8.Be3 Be7
9.Qd2 O-O 10.g4 d5 11.g5 d4 12.gxf6 Bxf6 13.O-O-O dxe3 14.Qxd8 Rxd8 15.Rxd8+ Bxd8
16.Nc5 Bg5 17.Be2 Nc6 18.Nxb7 Nd4 19.Nc5 Bxa2 20.h4 Be7 21.Nd3 Rc8 22.Kd1 Bc4
23.Rh2 Rd8 24.Kc1 Nxe2+ 25.Nxe2 Bxd3 26.cxd3 Rxd3 27.Nc3 Rd2 28.Rh1 Rf2 29.Nd5 Bc5
30.b4 Bd4 31.Re1 Ra2 32.Kd1 h5 33.Re2 Ra1+ 34.Kc2 Ra3 35.Re1 Ra2+ 36.Kd3 Rd2+
37.Kc4 e2  0-1

[Event "6th Magistral"]
[Site "Vicente Lopez ARG"]
[Date "2003.07.28"]
[Round "5"]
[White "Valerga,D"]
[Black "Lafuente,P"]
[Result "1/2-1/2"]
[WhiteElo "2496"]
[BlackElo "2431"]

1.e4 c5 2.Nf3 d6 3.d4 cxd4 4.Nxd4 Nf6 5.Nc3 a6 6.f3 e5 7.Nb3 Be6 8.Be3 Be7
9.Qd2 O-O 10.O-O-O Qc7 11.Kb1 Rc8 12.g4 Nbd7 13.g5 Nh5 14.Rg1 b5 15.Nd5 Bxd5
16.exd5 Nb6 17.Na5 Nxd5 18.Qxd5 Qxa5 19.Bc4 Rf8 20.Bd3 g6 21.c4 Rab8 22.Rc1 Rfc8  1/2-1/2

[Event "It"]
[Site "Biel SUI"]
[Date "2003.07.30"]
[Round "9"]
[White "Bacrot,E"]
[Black "Lutz,C"]
[Result "1/2-1/2"]
[WhiteElo "2645"]
[BlackElo "2631"]

1.e4 c5 2.Nf3 d6 3.d4 cxd4 4.Nxd4 Nf6 5.Nc3 a6 6.f3 e6 7.Be3 b5 8.g4 b4 9.Na4 Bd7
10.c4 Qa5 11.b3 Bxa4 12.bxa4 h6 13.Bg2 Nbd7 14.O-O Rc8 15.f4 Be7 16.g5 hxg5
17.fxg5 Nh5 18.g6 Nhf6 19.gxf7+ Kxf7 20.Qg4 Nf8 21.Qg3 Qe5 22.Qxe5  1/2-1/2

[Event "ch-SLO"]
[Site "Bled SLO"]
[Date "2003.08.03"]
[Round "2"]
[White "Zorko,Ju"]
[Black "Mazi,L"]
[Result "0-1"]
[WhiteElo "2219"]
[BlackElo "2402"]

1.e4 c5 2.Nf3 d6 3.d4 cxd4 4.Nxd4 Nf6 5.Nc3 a6 6.f3 e5 7.Nb3 h5 8.Be3 Be6
9.Qd2 Nbd7 10.O-O-O Qc7 11.Kb1 Be7 12.h3 b5 13.f4 Nb6 14.Na5 b4 15.Ne2 Rb8
16.Ng3 h4 17.Nf5 Bxf5 18.exf5 Nbd5 19.Nb3 a5 20.fxe5 dxe5 21.Bg5 a4 22.Bxf6 Nxf6
23.Nc1 a3 24.g4 axb2 25.Ne2 Rd8 26.Qe1 Rc8 27.Rd2 Ne4 28.Bg2 Nxd2+ 29.Qxd2 O-O
30.Be4 Rfd8 31.Qe3 Qc5  0-1

[Event "It"]
[Site "Kramatorsk UKR"]
[Date "2003.08.04"]
[Round "10"]
[White "Lahno,Kateri"]
[Black "Areshchenko,A"]
[Result "0-1"]
[WhiteElo "2439"]
[BlackElo "2542"]

1.e4 c5 2.Nf3 d6 3.d4 cxd4 4.Nxd4 Nf6 5.Nc3 a6 6.f3 e5 7.Nb3 Be6 8.Be3 h5
9.Qd2 Nbd7 10.a4 Be7 11.a5 Rc8 12.Be2 Qc7 13.O-O O-O 14.Kh1 Rfd8 15.Nc1 Re8
16.Rd1 Bf8 17.Bf1 Red8 18.Qf2 Be7 19.Rd2 Qc6 20.Nd3 d5 21.exd5 Nxd5 22.Nxd5 Bxd5
23.Rad1 Be6 24.c3 Bb3 25.Re1 Qa4 26.f4 exf4 27.Bxf4 Bf6 28.Qf3 Bh4 29.Rc1 Nf8
30.Nc5 Rxc5  0-1

[Event "HZ Open"]
[Site "Vlissingen NED"]
[Date "2003.08.04"]
[Round "4"]
[White "Tiviakov,S"]
[Black "Bezemer,A"]
[Result "1-0"]
[WhiteElo "2613"]
[BlackElo "2346"]

1.e4 c5 2.Nf3 d6 3.d4 cxd4 4.Nxd4 Nf6 5.Nc3 a6 6.f3 e5 7.Nb3 Be7 8.Be3 Be6
9.Qd2 Nbd7 10.O-O-O Rc8 11.Kb1 b5 12.g4 Nb6 13.Qf2 Rxc3 14.Bxb6 Rxf3 15.Qxf3 Qxb6
16.Rg1 O-O 17.Rg3 Rc8 18.g5 Nd7 19.h4 Qc6 20.Rd2 Bxb3 21.axb3 Nc5 22.Bg2 Ne6
23.Bh3 Nd4 24.Qc3 Rc7 25.Qxc6 Rxc6 26.b4 g6 27.Bg4 h6 28.gxh6 Bxh4 29.Rc3 f5
30.Rxc6 Nxc6 31.exf5 gxf5 32.Bxf5 Nd4 33.Be4  1-0

[Event "ch-SLO"]
[Site "Bled SLO"]
[Date "2003.08.06"]
[Round "5"]
[White "Borisek,J"]
[Black "Mazi,L"]
[Result "0-1"]
[WhiteElo "2443"]
[BlackElo "2402"]

1.e4 c5 2.Nf3 d6 3.d4 cxd4 4.Nxd4 Nf6 5.Nc3 a6 6.f3 e5 7.Nb3 Be6 8.Be3 Be7
9.Qd2 O-O 10.O-O-O Nbd7 11.g4 a5 12.Kb1 a4 13.Nc1 Nb6 14.g5 Nfd7 15.a3 Nc4
16.Bxc4 Bxc4 17.N1a2 Nc5 18.Nb4 Qc8 19.h4 Qe6 20.h5 Rac8 21.Rdg1 f5 22.gxf6 Rxf6
23.Qg2 Rf7 24.Rh3 Kh8 25.Rg3 Rg8 26.Nbd5 Bxd5 27.Nxd5 Bf6 28.Bc1 Qd7 29.Ne3 Ne6
30.Nf5 Rc8 31.c3 d5 32.Rd1 d4 33.cxd4 exd4 34.f4 Nc5 35.Be3 Nb3 36.Bxd4 Bxd4
37.Nxd4 Qxd4 38.Qe2 Rd7  0-1

[Event "WYol u16"]
[Site "Denizli TUR"]
[Date "2003.08.08"]
[Round "6"]
[White "Sengupta,D"]
[Black "Magalashvili,D"]
[Result "0-1"]
[WhiteElo "2363"]
[BlackElo "2250"]

1.e4 c5 2.Nf3 d6 3.d4 cxd4 4.Nxd4 Nf6 5.Nc3 a6 6.f3 Qb6 7.Nb3 e6 8.Qe2 Nc6
9.Be3 Qc7 10.O-O-O b5 11.g4 Bb7 12.h4 Rc8 13.Qf2 Nd7 14.Kb1 Nce5 15.a3 d5
16.exd5 Bxa3 17.Bd4 Bb4 18.Qe2 O-O 19.Bg2 Bxc3 20.Bxc3 Bxd5 21.Rxd5 exd5
22.Qd2 Nc4 23.Qg5 f6 24.Qxd5+ Kh8 25.Qd3 Nde5 26.Qe2 a5 27.h5 b4 28.Bd4 Rfd8
29.f4 a4 30.Nc5 Rxd4 31.Ne6 Qd7 32.Nxd4 Qxd4 33.c3 bxc3 34.fxe5 Nd2+  0-1

[Event "WYol u16"]
[Site "Denizli TUR"]
[Date "2003.08.08"]
[Round "6"]
[White "Sai,S"]
[Black "Margvelashvili,G"]
[Result "1-0"]
[WhiteElo "2244"]
[BlackElo "2181"]

1.e4 c5 2.Nf3 d6 3.d4 cxd4 4.Nxd4 Nf6 5.Nc3 a6 6.Be3 Ng4 7.Bc1 Nf6 8.f3 Qb6
9.Nb3 e6 10.Qe2 Nbd7 11.Be3 Qc7 12.Qd2 b5 13.a3 Bb7 14.Bd3 d5 15.exd5 Nxd5
16.Nxd5 Bxd5 17.O-O Bd6 18.f4 Nb6 19.Qf2 Nc4 20.Bd4 O-O 21.Rad1 Rfe8 22.Nd2 Nxd2
23.Rxd2 Rac8 24.a4 Qa5 25.axb5 axb5 26.Rdd1 Ra8 27.b3 b4 28.Bb6 Qa3 29.Qd4 Be7
30.Bxh7+ Kh8 31.Bd3 Bf6 32.Qe3 Rac8 33.Bd4 Bxd4 34.Qxd4 Qa5 35.f5 Qc5 36.Qxc5 Rxc5
37.fxe6 Bxe6 38.Rf4 Rb8 39.Re1 Kg8 40.Ree4 Rc3 41.Rxb4 Ra8 42.Ra4 Rd8 43.Rfd4 Re8
44.Kf2 g6 45.Re4 Rec8 46.Re3 Kg7 47.Ra7 Bd5 48.g3 Rd8 49.Ke2 Kg8 50.Ra4 Be6
51.Kd2 Rc7 52.Ree4 Rcd7 53.Kc3 Bf5 54.Red4 Rc8+ 55.Rac4 Rxc4+ 56.bxc4 Ra7
57.Bxf5 gxf5 58.Rf4 Ra5 59.Kd4 Kf8 60.c5 Ra2 61.Rxf5 Rxc2 62.h4 Ke7 63.Kd5 Rg2
64.Rf3 f5 65.c6 Rd2+ 66.Ke5 Rc2 67.Rxf5 Rxc6 68.Kf4 Rc3 69.g4 Ke6 70.Kg5 Rc8
71.h5 Rg8+ 72.Kh4 Rh8 73.Rf1 Rb8 74.h6 Ke7 75.g5 Rb2 76.Kh5 Rb6 77.h7 Rb8
78.g6 Rh8 79.Kh6 Rb8 80.Kg7 Rg8+ 81.hxg8=Q  1-0

[Event "HZ Open"]
[Site "Vlissingen NED"]
[Date "2003.08.09"]
[Round "9"]
[White "Stellwagen,D"]
[Black "Bezemer,A"]
[Result "1-0"]
[WhiteElo "2462"]
[BlackElo "2346"]

1.e4 c5 2.Nf3 d6 3.d4 cxd4 4.Nxd4 Nf6 5.Nc3 a6 6.f3 e5 7.Nb3 Be7 8.Be3 Be6
9.Qd2 Nbd7 10.g4 Rc8 11.O-O-O b5 12.g5 Nh5 13.Nd5 Bxd5 14.exd5 Nb6 15.Na5 Nxd5
16.Qxd5 Qxa5 17.Bh3 Rc4 18.Qa8+ Qd8 19.Qxa6 O-O 20.Qxb5 Qc7 21.Bb6 Rxc2+
22.Kb1 Qc6 23.Bd7 Qxb5 24.Bxb5 Rcc8 25.a4 Nf4 26.a5 d5 27.Ba6 Rb8 28.Bc7 Rb4
29.Bxe5 Ra8 30.Bf1 Bxg5 31.Rg1 Bh6 32.Bc3 Rbb8 33.Rd4 Rd8 34.Rxf4 Bxf4 35.Bxg7 Be3
36.Rg2 f6 37.Bh6+ Bg5 38.f4 Re8 39.Bd3 Re3 40.Kc2 Rc8+ 41.Kd2  1-0